<?xml version="1.0" encoding="UTF-8"?>
<record
    xmlns:xsi="http://www.w3.org/2001/XMLSchema-instance"
    xsi:schemaLocation="http://www.loc.gov/MARC21/slim http://www.loc.gov/standards/marcxml/schema/MARC21slim.xsd"
    xmlns="http://www.loc.gov/MARC21/slim">

  <leader>00752nam a2200217 a 4500</leader>
  <controlfield tag="001">BRL_190</controlfield>
  <controlfield tag="005">20190320210628.0</controlfield>
  <controlfield tag="008">800213s1984----ec-ac#####---#000-0#spa-#</controlfield>
  <datafield tag="041" ind1=" " ind2=" ">
    <subfield code="a">spa</subfield>
  </datafield>
  <datafield tag="044" ind1=" " ind2=" ">
    <subfield code="a">ec</subfield>
  </datafield>
  <datafield tag="050" ind1=" " ind2="4">
    <subfield code="a">CT3290</subfield>
    <subfield code="b">.E77 1984</subfield>
  </datafield>
  <datafield tag="100" ind1="1" ind2=" ">
    <subfield code="a">Estrada, Jenny</subfield>
    <subfield code="9">23179</subfield>
  </datafield>
  <datafield tag="245" ind1="1" ind2="0">
    <subfield code="a">Mujeres de Guayaquil</subfield>
    <subfield code="b">siglo XVI al siglo XX (&#xED;ndice biogr&#xE1;fico)</subfield>
    <subfield code="c">Jenny Estrada.</subfield>
  </datafield>
  <datafield tag="260" ind1=" " ind2=" ">
    <subfield code="a">Guayaquil, Ecuador</subfield>
    <subfield code="b">Banco Central del Ecuador : Archivo Hist&#xF3;rico del Guayas</subfield>
    <subfield code="c">1984</subfield>
  </datafield>
  <datafield tag="300" ind1=" " ind2=" ">
    <subfield code="a">xi, 332 p.</subfield>
    <subfield code="b">il., retratos</subfield>
    <subfield code="c">20 cm.</subfield>
  </datafield>
  <datafield tag="500" ind1=" " ind2=" ">
    <subfield code="a">Donaci&#xF3;n de Juan Castro y Vel&#xE1;zquez</subfield>
  </datafield>
  <datafield tag="504" ind1=" " ind2=" ">
    <subfield code="a">Bibliograf&#xED;a : p. 328-331</subfield>
  </datafield>
  <datafield tag="650" ind1="1" ind2="4">
    <subfield code="a">Mujeres</subfield>
    <subfield code="v">Biograf&#xED;a</subfield>
    <subfield code="z">Guayaquil, Ecuador</subfield>
    <subfield code="9">23180</subfield>
  </datafield>
  <datafield tag="651" ind1=" " ind2="4">
    <subfield code="a">Guayaquil (Ecuador)</subfield>
    <subfield code="v">Biograf&#xED;a</subfield>
    <subfield code="9">23181</subfield>
  </datafield>
  <datafield tag="942" ind1=" " ind2=" ">
    <subfield code="2">lcc</subfield>
    <subfield code="c">B</subfield>
  </datafield>
  <datafield tag="999" ind1=" " ind2=" ">
    <subfield code="c">9003</subfield>
    <subfield code="d">9003</subfield>
  </datafield>
  <datafield tag="952" ind1=" " ind2=" ">
    <subfield code="0">0</subfield>
    <subfield code="1">0</subfield>
    <subfield code="4">0</subfield>
    <subfield code="7">0</subfield>
    <subfield code="a">BRL</subfield>
    <subfield code="b">BRL</subfield>
    <subfield code="d">2012-12-12</subfield>
    <subfield code="l">0</subfield>
    <subfield code="o">CT3290 .E77 1984</subfield>
    <subfield code="p">00001_1</subfield>
    <subfield code="r">2019-03-22 00:00:00</subfield>
    <subfield code="w">2019-03-22</subfield>
    <subfield code="y">B</subfield>
  </datafield>
</record>
